000
00274nam a22001097a 4500
008
170120b xxu||||| |||| 00| 0 eng d
020
_a
0803658036
041
_a
eng
080
_2
3RD
_a
618.2
245
_a
NURSING CARE DUING THE LABOR PROCESS
_c
MALINOWSKI, J,S
942
_2
udc
_c
BK
999
_c
3209
_d
3209